Lịch sử các học thuyết kinh tế
Sách giới thiệu những quan điểm, tư tưởng và học thuyết kinh tế cơ bản qua các thời đại lịch sử, quá trình phát sinh, phát triển, đấu trnh và thay thế lẫn nhau giữa các học thuyết kinh tế, ý nghĩa thực tiễn của từng học thuyết kinh tế đo...
Guardado en:
| Autor principal: | |
|---|---|
| Formato: | Libro |
| Lenguaje: | Undetermined |
| Publicado: |
Hà Nội
Thống kê
1997
|
| Materias: | |
| Etiquetas: |
Agregar Etiqueta
Sin Etiquetas, Sea el primero en etiquetar este registro!
|
| Thư viện lưu trữ: | Trung tâm Học liệu Trường Đại học Cần Thơ |
|---|
| LEADER | 01116nam a2200217Ia 4500 | ||
|---|---|---|---|
| 001 | CTU_15573 | ||
| 008 | 210402s9999 xx 000 0 und d | ||
| 020 | |c 20000 | ||
| 082 | |a 330.1 | ||
| 082 | |b Tr312 | ||
| 100 | |a Nguyễn, Văn Trình | ||
| 245 | 0 | |a Lịch sử các học thuyết kinh tế | |
| 245 | 0 | |c Nguyễn Văn Trình, Nguyễn Văn Luân, Vũ Văn Nghinh | |
| 260 | |a Hà Nội | ||
| 260 | |b Thống kê | ||
| 260 | |c 1997 | ||
| 520 | |a Sách giới thiệu những quan điểm, tư tưởng và học thuyết kinh tế cơ bản qua các thời đại lịch sử, quá trình phát sinh, phát triển, đấu trnh và thay thế lẫn nhau giữa các học thuyết kinh tế, ý nghĩa thực tiễn của từng học thuyết kinh tế đối với sự nghiệp đổi mới kinh tế ở nước ta | ||
| 650 | |a Economics,Kinh tế học | ||
| 650 | |x History,Lịch sử | ||
| 904 | |i Huỳnh Mai (Nguyên sửa) | ||
| 980 | |a Trung tâm Học liệu Trường Đại học Cần Thơ | ||